000 00889nas a2200253Ia 4500
001 R007/81226
003 IT-RoPAU
008 151124c99999999xx |||||||||||| ||und||
040 _aIT-RoPAU
040 _cIT-RoPAU
041 _aITALIANO
100 _aCauso Massimo
_gCodice Aut. SPICS: 22994
210 _aCINEFORUM
222 _aCineforum
245 _aCINEFORUM, ANNO 29-N.285 (GIUGNO 1989)
_bCadaverico "Frame-Stop"-L'Incombenza Del Corpo Morto Nello Spazio Filmico
250 _a1a ed.
260 _aBERGAMO
_bFEDERAZIONE ITALIANA CINEFORUM
_c1989
501 _bPaulus - SPICS - Società San Paolo EM (non-commercial uses only)
_cCopyright2015
300 _a8 p. [63-70]
362 _aANNO 029, N.285 (GIUGNO 1989)
500 _aPresenza Muta del Cadavere nel Film. Cadavere Non è Azione. Cadavere e Memoria.
650 _aCINEMA
_vPUBBLICAZIONE PERIODICA
942 _cCR
999 _c154836
_d154836